000 00745nab a2200229 u 4500
001 09415
003 HDC
007 cr bn ---aaaaa
008 210201c2009 my dr|nes 0 a may d
040 _aHDC
245 0 _aMatrade Lebih Agresif Tahun Depan
260 _aKuala Lumpur :
_bUtusan Melayu (M) Bhd.,
_c2009
336 _atext
_2rdacontent
337 _acomputer
_2rdamedia
338 _aonline resource
_2rdacarrier
650 _aeconomic growth
_94226
650 _aTrade promotion
_zMalaysia
_99738
856 _zRequest full-text at [email protected]
942 _2lcc
942 _cNEWS
942 _kNWSC 002472
999 _c6738
_d6738